| 000 | 00459 a2200145 4500 | ||
|---|---|---|---|
| 999 |
_c394 _d394 |
||
| 020 | _a9781852306458 | ||
| 050 | _aBF121.FIE 1995 | ||
| 100 |
_a Field, Lynda _eauthor |
||
| 245 |
_aThe self-esteem workbook : _ban interactive approach to changing your life / _cLynda Field |
||
| 264 |
_aRockport, Mass : _b Element, _c1995. |
||
| 300 | _a136 pages : illustrations ; 25 cm | ||
| 500 | _aIncludes index | ||
| 650 | _a Self-esteem. | ||
| 942 |
_2lcc _cBK _h121 _iFIE _kBF |
||